000 00910na a2200265 4500
001 15566
003 MIRAKIL
005 20181213154858.0
008 161008b tu 000 0
020 _a9789751941602
040 _aMilas
_btur
_cTR-AnCHP
041 _atur
_aeng
082 _a315.61
_bT95i 2007
090 _a315.61 T95i 2007
110 _aTürkiye İstatistik Kurumu (TÜİK)
245 _aİstatistiklerle Türkiye
_b2007 = Turkey in statistics
_cTürkiye İstatistik Kurumu (TÜİK)
246 _aTurkey in statistics 2007
260 _aAnkara
_bTürkiye İstatistik Kurumu (TÜİK)
_c2007
300 _a69 s.
_btbl. , grf. , res.
_c15 sm.
490 _aTürkiye İstatistik Kurumu
_v3109
546 _aMetinler Türkçe-İngilizce karşılıklıdır.
650 _aİstatistikler
_zTürkiye
651 _aTürkiye
_xSosyo ekonomik göstergeler
_y2007
_zİstatistikler
942 _2ddc
_cBKS
999 _c2445
_d2445